000 nam a22 a 4500
999 _c4751
_d4751
003 AKMAL
005 20171030102851.0
008 171030s2009 my | e l 000 0 may d
020 _a9789678921688 (kkt.)
082 0 4 _a347.595066 MAL
_222
090 0 0 _a347.595066
_bMAL
110 1 _aMalaysia
_9400
245 1 0 _aAkta Perlindungan Saksi 2009 (Akta 696) and Witness Protection Act 2009 (Act 696) & Akta Perlindungan Pemberi Maklumat 2010 (Akta 711) and Whistleblower Protection Act 2010 (Act 711) :
_b(hingga 15hb Februari 2011) /
_cdisusun oleh Lembaga Penyelidikan Undang-Undang
246 3 1 _aWitness Protection Act 2009 (Act 696)
246 3 1 _aWhistleblower Protection Act 2010 (Act 711)
260 _aPetaling Jaya :
_bInternational Law Book Services,
_c2011
300 _a98ms. ;
_c24cm.
490 1 _aUndang-undang Malaysia =
_aLaws of Malaysia
546 _aTeks sejajar bahasa Malaysia dan Inggeris
650 1 0 _aWitnesses
_xProtection
_zMalaysia
_99085
650 2 0 _aEvidence (Law)
_zMalaysia
_98308
650 1 0 _aWhistle blowing
_xLaw and legislation
_zMalaysia
_99086
710 2 _aLembaga Penyelidikan Undang-Undang
_99087
830 0 _aUndang-undang Malaysia =
_aLaws of Malaysia
_99088
942 _2ddc
_cBOOK